Química organica
Guardat en:
| Autors principals: | , |
|---|---|
| Format: | Llibre |
| Idioma: | espanyol |
| Publicat: |
Ciudad de México
Addison-Wesley Longman
1998
|
| Edició: | 5a. ed |
| Matèries: | |
| Etiquetes: |
Afegir etiqueta
Sense etiquetes, Sigues el primer a etiquetar aquest registre!
|
MARC
| LEADER | 00000nam a2200000 a 4500 | ||
|---|---|---|---|
| 001 | UCP4994 | ||
| 003 | CL-VaPUC | ||
| 008 | 990827e19980000MX |||||||||||||||||spa|d | ||
| 020 | |a 9684443404 | ||
| 082 | 0 | 4 | |a 547 |b MOR |2 21 |
| 100 | |a Morrison, Robert Thornton |e autor |9 433086 | ||
| 700 | 0 | |a Boyd, Robert Neilson |e author |9 433087 | |
| 245 | 1 | 0 | |a Química organica |
| 250 | |a 5a. ed | ||
| 300 | |a 1474 p | ||
| 942 | |c BK | ||
| 945 | |d 19990827 00:00:00 |a rbrito | ||
| 260 | |a Ciudad de México |b Addison-Wesley Longman |c 1998 | ||
| 650 | 0 | |a Química orgánica |9 259426 | |
| 650 | 0 | |a Reacciones químicas |9 259438 | |
| 650 | 0 | |a Espectroscopía |9 306791 | |
| 650 | 0 | |a Alcoholes |9 257199 | |
| 650 | 0 | |a Ácidos |9 344389 | |
| 650 | 0 | |a Aminoácidos |9 259616 | |
| 650 | 7 | |a PROTEINAS |2 CL-VaPUC |9 433088 | |
| 650 | 0 | |a Biología molecular |9 269677 | |
| 583 | |a last modification |c 19990827 00:00:00 |k Rodrigo Vera | ||
| 999 | |c 282852 |d 282850 | ||
| 952 | |0 0 |1 0 |4 0 |6 547_000000000000000_MOR_1998 |7 0 |8 A |9 325342 |a BIBING |b BIBING |d 2019-11-20 |i 3558088 |o 547 MOR 1998 |p 3558088 |r 2025-01-20 |w 2019-11-20 |y BK |k ING | ||
| 952 | |0 0 |1 0 |4 0 |6 547_000000000000000_MOR_1998 |7 0 |8 A |9 325343 |a BIBCUR |b BIBCUR |d 2019-11-20 |i 3791491 |o 547 MOR 1998 |p 3791491 |r 2025-04-22 |w 2019-11-20 |y BK |k QUI | ||
| 952 | |0 0 |1 0 |4 0 |6 547_000000000000000_MOR_1998 |7 0 |8 CCM |9 325344 |a BIBCUR |b BIBCUR |d 2019-11-20 |i 4204891 |l 5 |o 547 MOR 1998 |p 4204891 |r 2025-04-22 |s 2024-08-26 |w 2019-11-20 |y BK_R |k CIM | ||
| 952 | |0 0 |1 0 |2 ddc |4 0 |6 547_000000000000000_MOR_1998 |7 0 |8 CCM |9 325345 |a BIBCUR |b BIBCUR |d 2019-11-20 |i 4210344 |l 16 |m 1 |o 547 MOR 1998 |p 4210344 |r 2025-04-22 |s 2024-09-04 |w 2019-11-20 |y BK |k CIM | ||
| 952 | |0 0 |1 0 |4 0 |6 547_000000000000000_MOR_1998 |7 0 |8 A |9 325346 |a BIBING |b BIBING |d 2019-11-20 |i 4385683 |l 1 |o 547 MOR 1998 |p 4385683 |r 2025-01-20 |s 2023-08-21 |w 2019-11-20 |y BK |k EIB | ||
| 952 | |0 0 |1 0 |4 0 |6 547_000000000000000_MOR_1998 |7 0 |8 A |9 325347 |a BIBING |b BIBING |d 2019-11-20 |i 4385691 |l 2 |o 547 MOR 1998 |p 4385691 |r 2025-01-20 |s 2024-09-10 |w 2019-11-20 |y BK |k EIB | ||
| 952 | |0 0 |1 0 |4 0 |6 547_000000000000000_MOR_1998 |7 0 |8 A |9 325348 |a BIBCUR |b BIBCUR |d 2019-11-20 |i 4425340 |o 547 MOR 1998 |p 4425340 |r 2025-04-22 |w 2019-11-20 |y BK |k BCB | ||